Juana de Asbaje (Record no. 136018)

MARC details
000 -LEADER
campo de control de longitud fija 01121nam a2200265 i 4500
001 - NÚMERO DE CONTROL
campo de control 136018
003 - IDENTIFICADOR DE NÚMERO DE CONTROL
campo de control ES-MaACL
005 - FECHA Y HORA DE LA ÚLTIMA TRANSACCIÓN
campo de control 20250920063101.0
007 - CAMPO FIJO DE DESCRIPCIÓN FÍSICA--INFORMACIÓN GENERAL
campo de control de longitud fija t|
008 - DATOS DE LONGITUD FIJA--INFORMACIÓN GENERAL
campo de control de longitud fija 161025s1928 sp f |||| |dspa d
080 ## - NÚMERO DE LA CLASIFICACIÓN DECIMAL UNIVERSAL
Número de la Clasificación Decimal Universal 929 Juana Inés de la Cruz, Sor
080 ## - NÚMERO DE LA CLASIFICACIÓN DECIMAL UNIVERSAL
Número de la Clasificación Decimal Universal 821.134.2(72) Juana Inés de la Cruz, Sor 1.07
100 1# - ENTRADA PRINCIPAL--NOMBRE DE PERSONA
Nombre de persona Nervo, Amado,
Fechas asociadas al nombre 1870-1919
9 (RLIN) 85404
245 10 - MENCIÓN DEL TÍTULO
Título Juana de Asbaje
Resto del título : (contribución al centenario de la independencia de México) /
Mención de responsabilidad, etc. Amado Nervo ; [texto al cuidado de Alfonso Reyes ; ilustraciones de Marco].
260 ## - PUBLICACIÓN, DISTRIBUCIÓN, ETC.
Lugar de publicación, distribución, etc. Madrid :
Nombre del editor, distribuidor, etc. Biblioteca Nueva,
Fecha de publicación, distribución, etc. [1928]
300 ## - DESCRIPCIÓN FÍSICA
Extensión 238 p., [5] h. de lám. ;
Dimensiones 19 cm.
490 1# - MENCIÓN DE SERIE
Mención de serie Obras completas de Amado Nervo ;
Designación de volumen o secuencia 8
596 ## - NOTA AL PIE DE IMPRENTA
NOTA AL PIE DE IMPRENTA Ejemp. n. 004.
600 04 - PUNTO DE ACCESO ADICIONAL DE MATERIA--NOMBRE DE PERSONA
Nombre de persona Juana Inés de la Cruz,
Títulos y otros términos asociados al nombre Sor,
Fechas asociadas al nombre 1651-1695
9 (RLIN) 67141
700 1# - ENTRADA AGREGADA--NOMBRE PERSONAL
Nombre de persona Reyes, Alfonso,
Fechas asociadas al nombre 1889-1959
9 (RLIN) 96554
700 1# - ENTRADA AGREGADA--NOMBRE PERSONAL
Nombre de persona Marco, Fernando.
9 (RLIN) 76462
830 0# - PUNTO DE ACCESO ADICIONAL DE SERIE-TÍTULO UNIFORME
Título uniforme Obras completas de Amado Nervo ;
Designación de volumen o secuencia 8
9 (RLIN) 181423
852 ## - LOCALIZACIÓN
Ubicación ES-MaACL
Número de control de estantería A-5038
Nota libre - Enc. tela roja
-- . - Donat. de la Junta de Intercambio y Adquisición de Libros para Bibliotecas Públicas
Holdings
Estatus retirado Estado de pérdida Estado de daño No para préstamo Biblioteca de origen Biblioteca actual Ubicación en estantería Fecha de adquisición Fuente de adquisición Total de préstamos Signatura topográfica completa Código de barras Visto por última vez Precio de reemplazo Tipo de ítem Koha
        Biblioteca del Ateneo de Madrid Biblioteca del Ateneo de Madrid Sala Pecera Planta 1 25/10/2016     A-5038 1196463 23/02/2023 23/02/2023 Libro impreso